000 00622nam a2200217Ia 4500
005 20250508162019.0
008 008 250505s9999 xx 000 0 eng d
020 _a0-12-203150-4
037 _aTextual
040 _aFEDL
_beng
_cFEDL
041 _aeng
_2eng
084 _a153, DAS
_qFEDL
100 _aDas J. P.
245 0 _aSimultaneous and successive cognitive processes
260 _aNew York, USA
_bAcademic Press
_c1979
300 _axii,247p
490 _aEducational psychology
700 _a Kirby John R. Jarman Ronald F.
_9772048
942 _cTEXL
_h153, DAS
999 _c1373828
_d1373828